000 00440nam a2200169Ia 4500
005 20250423094258.0
008 250422s9999 xx 000 0 und d
020 _a605-4081-70-7
050 _aPZ 7 .D69 S33/
100 _aDoyle, Arthur Conan
245 2 _aA scandal in Bohemia
260 _aIstanbul
260 _bTEG Publishing
300 _a48 p
650 _aEnglish language -- Study and teaching Readers - Stage 6
942 _cBK
999 _c26786
_d26786